| 000 | 00388 a2200133 4500 | ||
|---|---|---|---|
| 003 | Nust | ||
| 005 | 20170207171608.0 | ||
| 040 | _cNust | ||
| 082 | _a799 | ||
| 245 |
_a19-Opening Address of OASJNC-101 by CI (C),Photographs-2016 _cMCS |
||
| 260 |
_aRawalpindi _bMCS _c08-02-2016 |
||
| 650 | _a19-Opening Address of OASJNC-101 by CI (C),Photographs-2016, DVD No 26 (Vol-I) | ||
| 651 | _aSweet Memories-MCS | ||
| 942 | _cBK | ||
| 999 |
_c217644 _d217644 |
||